[Event "Tournoi Skype 029B"]
[Site "Skype"]
[Date "????.??.??"]
[Round "4.36"]
[White "Schllosser, Marcos Antonio"]
[Black "Abate, Luigi"]
[Result "0-1"]
[WhiteElo "1000"]
[BlackElo "1169"]
[PlyCount "68"]

1. d4 d5 2. Nf3 Nf6 3. c3 Nc6 4. Bf4 e6 5. e3 Bd6 6. Bg3 O-O 7. Nbd2 Re8 8. Bd3
e5 9. Qe2 e4 10. Bc2 exf3 11. gxf3 h6 12. f4 a5 13. Bh4 Bf5 14. Bxf5 Be7 15.
O-O-O a4 16. a3 Ne4 17. Nf3 Bxh4 18. Nxh4 Qxh4 19. Bxe4 dxe4 20. Rdg1 Re6 21.
f5 Rf6 22. h3 Rxf5 23. Rg2 Ne7 24. Qd3 exd3 25. Rhg1 g6 26. Kd2 Rxf2+ 27. Kxd3
Rxg2 28. Rxg2 Qxh3 29. Re2 Nf5 30. Kc4 Nxe3+ 31. Kb5 Qd7+ 32. Kb4 Qd6+ 33. Kb5
Qc6+ 34. Kb4 Qc4# 0-1

[Event "Tournoi Skype 029B"]
[Site "Skype"]
[Date "????.??.??"]
[Round "4.37"]
[White "Sosa, Aldo"]
[Black "Rodriguez, Nathalie"]
[Result "1-0"]
[WhiteElo "1000"]
[BlackElo "1167"]
[PlyCount "79"]

1. e4 e5 2. Nf3 Nc6 3. Nc3 Bc5 4. Bc4 Nf6 5. O-O d6 6. Na4 Bb6 7. Nxb6 axb6 8.
h3 Nxe4 9. d3 Nf6 10. Ng5 Be6 11. Nxe6 fxe6 12. Bg5 h6 13. Bxf6 Qxf6 14. Qg4
Nd8 15. f4 O-O 16. fxe5 Qe7 17. Rxf8+ Qxf8 18. Bxe6+ Nxe6 19. Qxe6+ Kh8 20.
exd6 Re8 21. Qd5 cxd6 22. Qxb7 Qf6 23. Qxb6 Rf8 24. a4 d5 25. Qxf6 gxf6 26. a5
Kg7 27. Kf2 Kg6 28. b4 Kf5 29. c4 Ke5 30. c5 Kd4 31. Ra3 Rb8 32. Rb3 f5 33. Kf3
Ke5 34. b5 Kd4 35. c6 Kc5 36. c7 Rxb5 37. Rxb5+ Kxb5 38. c8=Q Kxa5 39. Qc5+ Ka6
40. Qxd5 1-0

[Event "Tournoi Skype 029B"]
[Site "Skype"]
[Date "????.??.??"]
[Round "4.39"]
[White "Milanese, Serge"]
[Black "Duthoit, Bernard"]
[Result "1/2-1/2"]
[WhiteElo "1202"]
[BlackElo "1338"]
[PlyCount "45"]

1. d4 d5 2. Bf4 e6 3. e3 c5 4. c3 cxd4 5. exd4 Bd6 6. Bg3 Nf6 7. Bd3 b6 8. Nf3
Ba6 9. Bxa6 Nxa6 10. Qa4+ Qd7 11. Qxa6 Bxg3 12. hxg3 O-O 13. Ne5 Qd6 14. Qd3 h6
15. Nd2 Nd7 16. Ndf3 Nxe5 17. Nxe5 f5 18. f4 Kh7 19. Qf3 Rf6 20. Qh5 Qd8 21.
Nf7 Qf8 22. Ne5 Qd8 23. O-O-O 1/2-1/2

[Event "Tournoi Skype 029B"]
[Site "Skype"]
[Date "????.??.??"]
[Round "4.41"]
[White "Santamaria Garcia, Jesus"]
[Black "Ponz Lazaro, Ruperto"]
[Result "0-1"]
[WhiteElo "1041"]
[BlackElo "1285"]
[PlyCount "59"]

1. d4 d5 2. c4 dxc4 3. e4 e6 4. Bxc4 a6 5. Nc3 b5 6. Bd3 Bb7 7. a3 Nf6 8. e5
Nfd7 9. b4 Bxg2 10. Be4 Bxh1 11. Bxh1 c6 12. d5 cxd5 13. Bxd5 exd5 14. Nxd5 Nb6
15. Be3 Nxd5 16. Qb3 Nxe3 17. fxe3 Qh4+ 18. Kf1 Qc4+ 19. Qxc4 bxc4 20. Rc1 Nd7
21. Nf3 Be7 22. Rxc4 Nb6 23. Rc6 Nd5 24. e4 Nf4 25. Rc7 Ne6 26. Rb7 Bd8 27. Ke2
O-O 28. Ke3 Bc7 29. Kd3 Rfb8 30. Rxb8+ 0-1

[Event "Tournoi Skype 029B"]
[Site "Skype"]
[Date "????.??.??"]
[Round "4.42"]
[White "Moumtaz, Abderrahim"]
[Black "Nakamura, Seiichi"]
[Result "1-0"]
[WhiteElo "1260"]
[BlackElo "1005"]
[PlyCount "131"]

1. d4 Nf6 2. c4 e6 3. Nc3 b6 4. Nf3 Bb7 5. e3 Be7 6. Bd3 O-O 7. O-O c5 8. Re1
d6 9. e4 cxd4 10. Nxd4 e5 11. Nf5 Nc6 12. Nxe7+ Qxe7 13. Bg5 h6 14. Nd5 Qd8 15.
Nxf6+ gxf6 16. Bh4 Kh8 17. Qh5 Kh7 18. Qf5+ Kg8 19. Re3 Ne7 20. Qxf6 Ng6 21.
Qxd8 Raxd8 22. Bxd8 Rxd8 23. Rg3 Kf8 24. Rh3 Kg7 25. Rg3 h5 26. Be2 h4 27. Rg4
Rc8 28. g3 Rh8 29. gxh4 Bc8 30. Rg3 Rxh4 31. Bf3 Be6 32. b3 Kf6 33. Rd1 Nf4 34.
Rxd6 Nh3+ 35. Kg2 Nf4+ 36. Kf1 Rxh2 37. Kg1 Rh8 38. Kf1 Ke7 39. Rd2 Bh3+ 40.
Ke1 Be6 41. Rg5 Nh3 42. Rxe5 Kf6 43. Rh5 Rg8 44. Rh7 Rg1+ 45. Ke2 Nf4+ 46. Ke3
Ke5 47. Rh1 Rg5 48. Rh4 Ng2+ 49. Bxg2 Rxg2 50. Rh5+ f5 51. exf5 Bxf5 52. Rd5+
Ke6 53. Rhxf5 Rg1 54. Ke2 Rb1 55. Rfe5+ Kf6 56. Rf5+ Kg6 57. Rf3 Rb2+ 58. Rd2
Rb1 59. Rd6+ Kh5 60. Rd7 Rb2+ 61. Rd2 Rb1 62. a4 Kg4 63. Rd4+ Kg5 64. Rfd3 Rh1
65. Rd5+ Kf4 66. R3d4# 1-0

[Event "Tournoi Skype 029B"]
[Site "Skype"]
[Date "????.??.??"]
[Round "4.43"]
[White "Hernandez Monzon, Alejandro"]
[Black "Torres, Vicky"]
[Result "0-1"]
[WhiteElo "1239"]
[BlackElo "1020"]
[PlyCount "76"]

1. d4 d5 2. Nc3 Nf6 3. Bf4 e6 4. a3 Bd6 5. Bg5 O-O 6. f3 Be7 7. e4 dxe4 8. fxe4
Nc6 9. Nf3 h6 10. Bh4 Nh7 11. Bxe7 Qxe7 12. h4 b6 13. Bc4 e5 14. d5 Nb8 15. Qe2
Nd7 16. O-O-O Nhf6 17. Rhg1 Ng4 18. Ng5 Ndf6 19. Nh3 Qc5 20. Rge1 a5 21. Na4
Qd6 22. Rh1 Bd7 23. Nc3 b5 24. Bxb5 Bxb5 25. Nxb5 Qc5 26. Nc3 Qe3+ 27. Rd2 Qxe2
28. Rxe2 Nd7 29. Nf2 Nxf2 30. Rxf2 Nc5 31. g4 f6 32. g5 fxg5 33. Rxf8+ Rxf8 34.
hxg5 Kh7 35. b4 axb4 36. axb4 Nd7 37. Nb5 Ra8 38. Nxc7 Ra1+ 0-1

[Event "Tournoi Skype 029B"]
[Site "Skype"]
[Date "????.??.??"]
[Round "4.45"]
[White "De Nobrega, George"]
[Black "Lachin, Roberto"]
[Result "1-0"]
[WhiteElo "1205"]
[BlackElo "1000"]
[PlyCount "122"]

1. e4 e5 2. Nf3 Qf6 3. Bc4 Qg6 4. Bf1 Qxe4+ 5. Qe2 Qxe2+ 6. Bxe2 Bc5 7. Nxe5 d6
8. Nf3 Nf6 9. O-O O-O 10. h3 Ne4 11. d4 Bb6 12. Bd3 d5 13. Nbd2 Nxd2 14. Bxd2
c5 15. dxc5 Bxc5 16. Rfe1 Be6 17. Re5 Nc6 18. Ree1 Nd4 19. Nxd4 Bxd4 20. c3 Bb6
21. Rad1 d4 22. a3 a5 23. Re5 Bc7 24. Rb5 Ra7 25. cxd4 Bd7 26. Rb3 Ba4 27. Rc1
Bxb3 28. Rxc7 Rd8 29. Be4 g6 30. Bc3 Be6 31. Rc5 b6 32. Rb5 f5 33. Bf3 Rd6 34.
Kh2 Bc4 35. Re5 Rf7 36. Kg3 b5 37. Kf4 h6 38. Ke3 f4+ 39. Kd2 b4 40. axb4 axb4
41. Bxb4 Rxd4+ 42. Kc3 Rd5 43. Bxd5 Bxd5 44. Rxd5 Rc7+ 45. Rc5 Ra7 46. Rc4 Ra1
47. Rxf4 g5 48. Rg4 Kf7 49. h4 Kg6 50. hxg5 h5 51. Rg3 Rf1 52. Bc5 h4 53. Rh3
Kxg5 54. Be7+ Kf4 55. Bxh4 Rc1+ 56. Kb4 Kg4 57. b3 Rc2 58. Kb5 Re2 59. b4 Kf4
60. Kb6 Ke5 61. Re3+ Rxe3 1-0

[Event "Tournoi Skype 029B"]
[Site "Skype"]
[Date "????.??.??"]
[Round "4.47"]
[White "Diaz Yara, Jose Mauricio"]
[Black "Codina, Teresa"]
[Result "0-1"]
[WhiteElo "1000"]
[BlackElo "1310"]
[PlyCount "70"]

1. e4 c5 2. Bc4 d6 3. c3 Nf6 4. d3 Nc6 5. a3 e6 6. Nf3 Be7 7. e5 dxe5 8. Nxe5
Nxe5 9. Ba2 O-O 10. Qe2 Bd6 11. d4 cxd4 12. cxd4 Nc6 13. O-O Nxd4 14. Qd3 Nc6
15. f4 Bxf4 16. Qxd8 Rxd8 17. Rxf4 Bd7 18. Nc3 Be8 19. Be3 b6 20. Ne4 Nxe4 21.
Rxe4 Rac8 22. Rf1 Rd7 23. Rf3 h6 24. Rg3 Kh7 25. h4 Re7 26. Reg4 f6 27. Bb1+ f5
28. Kh2 Bh5 29. Re4 fxe4 30. Bxe4+ Kh8 31. b4 Ne5 32. Bf4 Ng4+ 33. Kg1 Rf7 34.
Bg6 Rxf4 35. Bxh5 Rc1# 0-1

[Event "Tournoi Skype 029B"]
[Site "Skype"]
[Date "????.??.??"]
[Round "4.48"]
[White "Le Bouill, Pierre"]
[Black "Batista, Andre Luis"]
[Result "1-0"]
[WhiteElo "1252"]
[BlackElo "1000"]
[PlyCount "51"]

1. Nf3 Nc6 2. b3 Nf6 3. e3 d6 4. h3 e5 5. d3 h6 6. Bb2 Be7 7. Be2 O-O 8. O-O
Nd5 9. c4 Nf6 10. Nbd2 d5 11. Nxe5 Bd6 12. cxd5 Nxe5 13. f4 Ng6 14. Qe1 Qe8 15.
Qf2 Bc5 16. d4 Bb4 17. Nc4 b5 18. Ne5 Ne4 19. Qf3 Nd2 20. Qf2 Nxf1 21. Rxf1 Bd6
22. Bd3 Bxe5 23. fxe5 f5 24. exf6 Qxe3 25. Qxe3 Nh4 26. Qg3 1-0

[Event "Tournoi Skype 029B"]
[Site "Skype"]
[Date "????.??.??"]
[Round "4.49"]
[White "Cifuentes, Jorge Mario"]
[Black "Malbec, Robert"]
[Result "0-1"]
[WhiteElo "1000"]
[BlackElo "1214"]
[PlyCount "82"]

1. e4 e5 2. Nf3 Nc6 3. c3 Nf6 4. Bc4 Nxe4 5. Qe2 Nd6 6. Bd5 Qf6 7. d3 h6 8.
Nbd2 Be7 9. Ne4 Nxe4 10. dxe4 Bc5 11. Be3 Bxe3 12. Qxe3 d6 13. h3 O-O 14. g4
Ne7 15. g5 hxg5 16. h4 Nxd5 17. exd5 g4 18. Ng5 Qf4 19. O-O-O Qxe3+ 20. fxe3 f6
21. Ne4 Bf5 22. Ng3 Bd7 23. h5 Kf7 24. h6 g6 25. Rh4 Rh8 26. Rdh1 Rh7 27. Rf1
Rah8 28. Rfh1 g5 29. R4h2 Kg6 30. Kd2 Rxh6 31. Rxh6+ Rxh6 32. Rxh6+ Kxh6 33.
Ke2 f5 34. Kf2 f4 35. Nh1 Kh5 36. Kg2 c6 37. Ng3+ fxg3 38. Kxg3 cxd5 39. b4 Kg6
40. a4 Kf5 41. b5 Ke4 0-1

[Event "Tournoi Skype 029B"]
[Site "Skype"]
[Date "????.??.??"]
[Round "4.50"]
[White "Colangelo, Michele"]
[Black "Martin, Jean-Claude"]
[Result "1/2-1/2"]
[WhiteElo "1000"]
[BlackElo "1184"]
[PlyCount "65"]

1. e4 e5 2. Nf3 Nc6 3. Bb5 Nf6 4. d3 a6 5. Bxc6 bxc6 6. Nxe5 Bd6 7. Nf3 Qe7 8.
Bg5 h6 9. Bh4 g5 10. Bg3 Bxg3 11. fxg3 d6 12. h3 Bb7 13. O-O O-O 14. Re1 Nd7
15. c4 Qf6 16. Qb3 Nc5 17. Qc3 Qxc3 18. Nxc3 Nxd3 19. Reb1 c5 20. Nd5 Bxd5 21.
cxd5 Rab8 22. b3 Rfe8 23. Nd2 f6 24. Rf1 Kg7 25. g4 Nb4 26. Rf3 Nc2 27. Raf1
Rf8 28. Kh2 Nd4 29. R3f2 c6 30. Nf3 Nxf3+ 31. Rxf3 cxd5 32. exd5 Rbe8 33. Rd1
1/2-1/2

[Event "Tournoi Skype 029B"]
[Site "Skype"]
[Date "????.??.??"]
[Round "4.52"]
[White "Grib, Jessica"]
[Black "Busto, Ricardo"]
[Result "0-1"]
[WhiteElo "1000"]
[BlackElo "1152"]
[PlyCount "72"]

1. e4 c5 2. c3 d5 3. d3 dxe4 4. dxe4 Qxd1+ 5. Kxd1 e6 6. Nf3 Nf6 7. Bd3 Be7 8.
Bg5 Nbd7 9. a3 h6 10. Bh4 O-O 11. e5 Nd5 12. Bg3 a6 13. c4 Nc7 14. Nc3 Rb8 15.
Re1 Re8 16. Re4 Nf8 17. Rg4 Bd7 18. a4 b5 19. cxb5 axb5 20. axb5 Bxb5 21. Bc2
Bd7 22. Ra2 Nb5 23. Ne2 Bc6 24. Nf4 Rbd8+ 25. Kc1 Bxf3 26. gxf3 Nd4 27. Bd1 g5
28. Ng2 Ra8 29. Ba4 Red8 30. Ne1 Ne2+ 31. Kb1 h5 32. Rc4 Nd7 33. h4 Nxg3 34.
fxg3 Nxe5 35. f4 gxf4 36. gxf4 Nxc4 0-1

[Event "Tournoi Skype 029B"]
[Site "Skype"]
[Date "????.??.??"]
[Round "4.54"]
[White "Latterra, Jeremias"]
[Black "Bellati, Fabio"]
[Result "0-1"]
[WhiteElo "1114"]
[BlackElo "1000"]
[PlyCount "32"]

1. e4 e5 2. Nf3 Nc6 3. Bc4 Nf6 4. d4 exd4 5. e5 Ne4 6. Nxd4 Bc5 7. Nxc6 bxc6 8.
Nc3 Nxf2 9. Bxf7+ Kxf7 10. Qf3+ Ke8 11. Rf1 Rf8 12. Qh5+ g6 13. Qxh7 d6 14.
Qxg6+ Rf7 15. Ne4 dxe5 16. Nxc5 Qd1# 0-1

[Event "Tournoi Skype 029B"]
[Site "Skype"]
[Date "????.??.??"]
[Round "4.56"]
[White "Guevara, Lizbeth"]
[Black "Ruiz Aguilera, Juan Jesus"]
[Result "0-1"]
[WhiteElo "1000"]
[BlackElo "1083"]
[PlyCount "72"]

1. e4 e5 2. Bc4 Nc6 3. Nf3 Nd4 4. Nxe5 Qg5 5. Bxf7+ Ke7 6. Qh5 Qxh5 7. Bxh5
Nxc2+ 8. Ke2 Nxa1 9. d3 Nc2 10. Bg5+ Nf6 11. Rc1 Nd4+ 12. Kf1 Ne6 13. Bh4 g6
14. Bg3 Nxh5 15. Nc3 Bh6 16. Nd5+ Kf8 17. Ng4 Nxg3+ 18. fxg3 Bxc1 19. h4 b6 20.
Ndf6 Bxb2 21. Nd5 Ba6 22. Kg1 Bd4+ 23. Kh2 Bxd3 24. Nxc7 Nxc7 25. e5 Bf5 26.
Nh6 Be6 27. a4 Nd5 28. g4 Bxe5+ 29. g3 Rc8 30. Kh3 Rc3 31. Kg2 Rxg3+ 32. Kf2
Kg7 33. g5 Rc8 34. Ke2 Rc2+ 35. Kd1 Rh2 36. Ke1 Rg1# 0-1

[Event "Tournoi Skype 029B"]
[Site "Skype"]
[Date "????.??.??"]
[Round "4.57"]
[White "Baker, Abi"]
[Black "Huerta Lopez, Cesar Rogelio"]
[Result "0-1"]
[WhiteElo "1079"]
[BlackElo "1000"]
[PlyCount "54"]

1. c4 e5 2. Nc3 Nc6 3. d3 Nf6 4. Be3 Be7 5. Qc2 O-O 6. O-O-O Nb4 7. Qb3 c6 8.
c5 Qa5 9. a3 Na6 10. Nf3 Nxc5 11. Qc4 d5 12. Qa2 d4 13. Bxd4 exd4 14. Nxd4 Ng4
15. Ne4 Ne6 16. Nf5 Qxf5 17. h4 Nc5 18. f3 Qf4+ 19. Rd2 Be6 20. Nxc5 Bxa2 21.
fxg4 Bxc5 22. b4 Be3 23. Kb2 Bxd2 24. Kxa2 Bc1 25. h5 Qd2+ 26. Kb3 b5 27. g5
Qb2# 0-1

[Event "Tournoi Skype 029B"]
[Site "Skype"]
[Date "????.??.??"]
[Round "4.58"]
[White "Marroquin Mayhua, Silvia"]
[Black "Gerbaux, Regis"]
[Result "0-1"]
[WhiteElo "1000"]
[BlackElo "1062"]
[PlyCount "50"]

1. e4 e5 2. Nf3 Nc6 3. Nc3 Nf6 4. Bc4 Bc5 5. O-O O-O 6. Qe2 d6 7. Na4 Nb4 8.
Nxc5 dxc5 9. c3 Nc6 10. a3 a6 11. b4 cxb4 12. axb4 Na7 13. Ba3 Nb5 14. Bb2 Nd6
15. Ba2 Re8 16. Ng5 b5 17. f3 h6 18. Nh3 Bd7 19. Qf2 Qc8 20. f4 Ndxe4 21. Qe1
Bxh3 22. gxh3 Qxh3 23. d3 Ng5 24. c4 Ng4 25. cxb5 Qxh2# 0-1

[Event "Tournoi Skype 029B"]
[Site "Skype"]
[Date "????.??.??"]
[Round "4.60"]
[White "Piedra, Rosa"]
[Black "Yanez, Leticia Jorgelina"]
[Result "1/2-1/2"]
[WhiteElo "1000"]
[BlackElo "1051"]
[PlyCount "106"]

1. e4 e5 2. Nf3 Nc6 3. Bb5 a6 4. Bc4 Bc5 5. c3 Nf6 6. O-O O-O 7. h3 d5 8. exd5
Nxd5 9. Bxd5 Qxd5 10. d3 Bf5 11. c4 Qe6 12. Re1 Bxh3 13. Ng5 Bxf2+ 14. Kxf2
Qf5+ 15. Nf3 Bg4 16. Re3 Nd4 17. Nbd2 Rae8 18. Ke1 Re6 19. Qa4 Qf4 20. Nf1
Nxf3+ 21. gxf3 Bh3 22. Bd2 Qh4+ 23. Kd1 Bxf1 24. Bb4 Qd4 25. Kd2 Qxb2+ 26. Ke1
Qxa1+ 27. Kd2 Qb2+ 28. Qc2 Qxb4+ 29. Kc1 Bh3 30. Re2 Rg6 31. Qb2 Rg1+ 32. Kc2
Qa4+ 33. Qb3 Qd7 34. Qa3 Bf5 35. Rd2 b5 36. Qxa6 Rg3 37. a4 Rxf3 38. axb5 Bxd3+
39. Kc3 Bf5+ 40. Kb4 Qxd2+ 41. Kc5 Qd4+ 42. Kb4 c5+ 43. Ka5 Ra3+ 44. Kb6 Rxa6+
45. Kxa6 Qxc4 46. Kb6 Qa4 47. Kxc5 Rc8+ 48. Kb6 Qd4+ 49. Kb7 Qd7+ 50. Ka6 Ra8+
51. Kb6 Bd3 52. Kc5 Qxb5+ 53. Kd6 Rd8+ 1/2-1/2

[Event "Tournoi Skype 029B"]
[Site "Skype"]
[Date "????.??.??"]
[Round "4.61"]
[White "Hernandez Lopez, Joaquin"]
[Black "Pantaleon, Julio"]
[Result "0-1"]
[WhiteElo "1046"]
[BlackElo "1000"]
[PlyCount "60"]

1. d4 Nf6 2. c4 e6 3. Nc3 d5 4. e3 Be7 5. b3 Nc6 6. a3 O-O 7. Nf3 h6 8. g3 Re8
9. Bg2 Nh7 10. e4 dxe4 11. Nxe4 Nf6 12. Qd3 Nxe4 13. Qxe4 e5 14. d5 Na5 15. Nd2
Bg5 16. Qc2 Qe7 17. O-O Bf6 18. Bb2 Rb8 19. Rfe1 Qd7 20. Bc3 b6 21. b4 Nb7 22.
Nf3 Qf5 23. Qxf5 Bxf5 24. Bxe5 Bxe5 25. Rxe5 Rxe5 26. Nxe5 Re8 27. Re1 f6 28.
d6 Nxd6 29. c5 bxc5 30. Be4 Bxe4 0-1

[Event "Tournoi Skype 029B"]
[Site "Skype"]
[Date "????.??.??"]
[Round "4.62"]
[White "Rodgerson, Michael"]
[Black "Gomez Zuluaga, Jorge Adiel"]
[Result "1-0"]
[WhiteElo "1000"]
[BlackElo "1036"]
[PlyCount "43"]

1. e4 c5 2. Nf3 e6 3. Be2 Nf6 4. O-O Nxe4 5. d3 Nf6 6. Be3 g6 7. Nbd2 h5 8. c4
Nc6 9. Qc2 Bd6 10. Rac1 Ng4 11. Bg5 Ne7 12. Qc3 Rh7 13. Bf6 Nxf6 14. Qxf6 Nf5
15. Qc3 h4 16. Ne4 Bb8 17. Rfe1 b6 18. d4 Qc7 19. Nf6+ Ke7 20. Nxh7 cxd4 21.
Qb4+ Kd8 22. Qf8# 1-0

[Event "Tournoi Skype 029B"]
[Site "Skype"]
[Date "????.??.??"]
[Round "4.63"]
[White "Solis, Denis"]
[Black "Guillen Andrinal, Pablo"]
[Result "1-0"]
[WhiteElo "1000"]
[BlackElo "1024"]
[PlyCount "79"]

1. e4 e5 2. Nf3 Nf6 3. Nc3 Be7 4. Nxe5 d5 5. exd5 Nxd5 6. Bc4 Be6 7. O-O Nxc3
8. Bxe6 fxe6 9. bxc3 Bf6 10. d4 Bxe5 11. dxe5 Qxd1 12. Rxd1 Nc6 13. Bf4 O-O 14.
Bg3 Rae8 15. Rd7 Rc8 16. Rb1 Rfd8 17. Rbd1 Rxd7 18. Rxd7 Rd8 19. Rxd8+ Nxd8 20.
Bf4 Kf7 21. Be3 a6 22. Bg5 Nc6 23. Be3 Nxe5 24. f4 Nd7 25. Bd4 c5 26. Be3 g6
27. g4 h6 28. h4 c4 29. g5 hxg5 30. fxg5 Ne5 31. Kg2 b5 32. Kg3 Nc6 33. a3 Nd4
34. cxd4 a5 35. c3 Ke7 36. Kg4 Kd6 37. h5 gxh5+ 38. Kxh5 Ke7 39. g6 Kf8 40. Kh6
1-0

[Event "Tournoi Skype 029B"]
[Site "Skype"]
[Date "????.??.??"]
[Round "4.64"]
[White "Trapletti, Cosetta"]
[Black "Mira Poveda, Jose Antonio"]
[Result "0-1"]
[WhiteElo "1000"]
[BlackElo "1021"]
[PlyCount "86"]

1. d4 d5 2. Bf4 Nf6 3. e3 Nc6 4. c4 Bf5 5. Nc3 e6 6. Nf3 Bb4 7. Be2 O-O 8. O-O
Re8 9. Re1 Ne4 10. a3 Nxc3 11. bxc3 Bxc3 12. Ne5 Nxe5 13. Bxe5 Bxe1 14. Qxe1
Qg5 15. f4 Qg6 16. Qf2 Rac8 17. c5 b6 18. c6 b5 19. Bxb5 Rb8 20. Be2 Bb1 21.
Qf1 Ba2 22. Rc1 Qe4 23. Bxc7 Qxe3+ 24. Kh1 Rb2 25. Re1 Qxd4 26. Be5 Qc5 27. c7
f6 28. Rc1 Rc2 29. Bd4 Qxc7 30. Rd1 e5 31. fxe5 fxe5 32. Be3 d4 33. Bg5 Qb7 34.
h3 Rf8 35. Bf3 Bd5 36. Re1 Rxf3 37. gxf3 Bxf3+ 38. Kg1 Rg2+ 39. Kh1 Rg3+ 40.
Kh2 Rxg5 41. h4 Qb2+ 42. Kh3 Bg2+ 43. Qxg2 Qxg2# 0-1

[Event "Tournoi Skype 029B"]
[Site "Skype"]
[Date "????.??.??"]
[Round "4.65"]
[White "Vasquez Donaire, Ivis Godofredo"]
[Black "Ramirez, Luis Antonio"]
[Result "0-1"]
[WhiteElo "1000"]
[BlackElo "1017"]
[PlyCount "52"]

1. e4 c5 2. Nf3 d6 3. Bb5+ Nc6 4. O-O a6 5. Ba4 Nf6 6. d3 e5 7. c3 Be7 8. Bc2
h6 9. Be3 Ng4 10. Re1 Nxe3 11. Rxe3 O-O 12. h3 f5 13. Nbd2 f4 14. Re1 Kh8 15.
a3 Be6 16. b4 Rg8 17. bxc5 g5 18. cxd6 Bxd6 19. Ba4 g4 20. hxg4 Bxg4 21. Bxc6
bxc6 22. Qa4 Rc8 23. Qxa6 Bh3 24. Nf1 Bxg2 25. Kh2 Bxf3 26. Nd2 Qh4# 0-1

[Event "Tournoi Skype 029B"]
[Site "Skype"]
[Date "????.??.??"]
[Round "4.66"]
[White "Schnell, Nicolas"]
[Black "Parravano, Luca"]
[Result "0-1"]
[WhiteElo "1003"]
[BlackElo "1000"]
[PlyCount "38"]

1. e4 e5 2. Nf3 Nc6 3. Bc4 Bc5 4. Ng5 Qxg5 5. d4 Qxg2 6. Rf1 Nxd4 7. Qh5 Nf3+
8. Ke2 g6 9. Qxf3 Qxf3+ 10. Kxf3 Nf6 11. Re1 O-O 12. Nc3 c6 13. Bg5 Kg7 14. Rg1
b5 15. Be2 b4 16. Rg4 Nxg4 17. Kxg4 bxc3 18. b3 d5+ 19. Kh4 Bxf2# 0-1

[Event "Tournoi Skype 029B"]
[Site "Skype"]
[Date "????.??.??"]
[Round "4.67"]
[White "Wildt, Gerti"]
[Black "Balci Gungor, Ayca"]
[Result "0-1"]
[WhiteElo "1000"]
[BlackElo "1000"]
[PlyCount "78"]

1. d4 d5 2. Nf3 Nf6 3. Bf4 Bf5 4. e3 e6 5. Bd3 Bd6 6. Nbd2 O-O 7. O-O Nc6 8.
Ne5 Bxe5 9. dxe5 Ne4 10. Nf3 Bg4 11. c3 Qd7 12. h3 Bh5 13. Qc2 Bxf3 14. Be2
Bxe2 15. Qxe2 f6 16. f3 Nc5 17. b4 Na4 18. Rac1 fxe5 19. Bg3 Rf7 20. Qc2 Nb6
21. b5 Na5 22. Qe2 e4 23. Be5 Nac4 24. Bf4 c6 25. fxe4 dxe4 26. Rcd1 Qe7 27.
Rd4 cxb5 28. Rxe4 Rd8 29. g4 Rd2 30. Qe1 Rxa2 31. Rf2 Rxf2 32. Qxf2 Nd5 33. h4
Nxc3 34. Qg3 Nxe4 35. Bg5 Qb4 36. Qb8+ Rf8 37. Qc7 Qb1+ 38. Kg2 Qf1+ 39. Kh2
Rf2# 0-1

[Event "Tournoi Skype 029B"]
[Site "Skype"]
[Date "????.??.??"]
[Round "4.68"]
[White "Jimenez Cabrera, Rodolfo"]
[Black "Teixeira De Queiroz, Glaucia"]
[Result "1-0"]
[WhiteElo "1192"]
[BlackElo "1000"]
[PlyCount "53"]

1. d4 g6 2. Nf3 Bg7 3. Bg5 d6 4. e3 Nf6 5. Bc4 O-O 6. h3 e5 7. c3 Nbd7 8. O-O
Re8 9. a3 b5 10. Bxb5 Bb7 11. Nbd2 c6 12. Bc4 e4 13. Ne1 Nb6 14. Ba2 d5 15. f3
Qc7 16. fxe4 Nxe4 17. Nxe4 Rxe4 18. Bf6 Rxe3 19. Bxg7 Kxg7 20. Qg4 Bc8 21. Qh4
Bxh3 22. gxh3 Rg3+ 23. Ng2 Re8 24. Qf6+ Kf8 25. Qh8+ Ke7 26. Rae1+ Kd8 27.
Qxe8# 1-0

[Event "Tournoi Skype 029B"]
[Site "Skype"]
[Date "????.??.??"]
[Round "4.69"]
[White "Swanepoel, Karel"]
[Black "Molina Porfirio, Renatta"]
[Result "0-1"]
[WhiteElo "1088"]
[BlackElo "1000"]
[PlyCount "108"]

1. e4 c5 2. Nf3 d6 3. d4 cxd4 4. Nxd4 Nf6 5. Nc3 Nc6 6. Bb5 Bd7 7. Nf5 Nxe4 8.
Bxc6 Bxc6 9. Nd4 Nxc3 10. Nxc6 bxc6 11. bxc3 e6 12. O-O Be7 13. Qf3 O-O 14.
Qxc6 Rc8 15. Qf3 Bf6 16. Bb2 d5 17. Rad1 Rc4 18. Ba3 Be7 19. Bxe7 Qxe7 20. Rfe1
Qg5 21. Rd4 Rxd4 22. cxd4 a5 23. a4 Rb8 24. h3 Qd2 25. Re2 Qc1+ 26. Kh2 Rb1 27.
Kg3 Qg5+ 28. Kh2 Rd1 29. Re5 Qg6 30. Qxd1 Qf6 31. f3 h5 32. Rxh5 g6 33. Re5 Qe7
34. f4 Qa3 35. Qg4 Qxa4 36. f5 exf5 37. Rxf5 Qxc2 38. Rxd5 Qc7+ 39. Re5 a4 40.
g3 a3 41. Re8+ Kg7 42. Rc8 Qb6 43. Qd1 a2 44. Rc1 Qb2+ 45. Rc2 a1=Q 46. Qd2
Qbb1 47. g4 Qb8+ 48. Kg2 Qaa8+ 49. Kf2 Qh2+ 50. Ke3 Qxd2+ 51. Kxd2 Qd5 52. Kd3
Qb5+ 53. Rc4 Qb3+ 54. Rc3 Qb1+ 0-1

[Event "Tournoi Skype 029B"]
[Site "Skype"]
[Date "????.??.??"]
[Round "4.70"]
[White "Cunha Pires, Odsel Jorge Geronimo"]
[Black "Montilla Bejarano, Carmen"]
[Result "0-1"]
[WhiteElo "1000"]
[BlackElo "1087"]
[PlyCount "44"]

1. e4 e5 2. Bc4 Nc6 3. Nf3 Nf6 4. Nc3 d6 5. d3 h6 6. Ne2 d5 7. exd5 Nxd5 8.
Bxd5 Qxd5 9. c4 Bb4+ 10. Bd2 Qxd3 11. O-O Bg4 12. h3 Bxf3 13. gxf3 Bxd2 14. f4
O-O-O 15. fxe5 Nxe5 16. Kh2 Nf3+ 17. Kg2 Nh4+ 18. Kh2 Rhe8 19. Qa4 Rxe2 20.
Qxa7 Bf4+ 21. Kh1 Qxh3+ 22. Kg1 Qg2# 0-1

[Event "Tournoi Skype 029B"]
[Site "Skype"]
[Date "????.??.??"]
[Round "4.72"]
[White "Martins, Rodrigo Baldo"]
[Black "Cassano, Mariangela"]
[Result "1-0"]
[WhiteElo "1000"]
[BlackElo "1000"]
[PlyCount "63"]

1. e4 e5 2. Nf3 Nc6 3. Bc4 Bc5 4. d3 Nf6 5. O-O O-O 6. Nc3 d6 7. h3 h6 8. Re1
Nd4 9. Be3 Ne6 10. Qd2 Re8 11. Ne2 g5 12. d4 d5 13. Bd3 b6 14. Ng3 Bb7 15. dxe5
Nd7 16. c4 dxe4 17. Bxe4 Nxe5 18. Qe2 f6 19. Bxb7 Rb8 20. Be4 b5 21. b3 bxc4
22. Qc2 Qe7 23. Rad1 Rbd8 24. Nxe5 fxe5 25. Nf5 Qf6 26. Bc6 Re7 27. Rxd8+ Nxd8
28. Bd5+ Kh7 29. Nxe7+ Kh8 30. Ng6+ Qxg6 31. Qxg6 Bxe3 32. Qg8# 1-0

[Event "Tournoi Skype 029B"]
[Site "Skype"]
[Date "????.??.??"]
[Round "4.73"]
[White "Mantelli Filho, Artur"]
[Black "Maccaferri, Massimo"]
[Result "0-1"]
[WhiteElo "1000"]
[BlackElo "1074"]
[PlyCount "72"]

1. e4 e5 2. Bc4 Nc6 3. Qh5 Qf6 4. Nf3 d6 5. d3 Nb4 6. a3 Nxc2+ 7. Kf1 Nxa1 8.
Nc3 g6 9. Bxf7+ Kxf7 10. Qg5 Qxg5 11. Nxg5+ Kg7 12. d4 exd4 13. Nb5 Bd7 14. h4
Bxb5+ 15. Kg1 Re8 16. Kh2 Nf6 17. Bd2 Nc2 18. Ba5 Bd7 19. Rc1 Ng4+ 20. Kg3 Nxf2
21. Kxf2 d3 22. Bxc7 d2 23. Rd1 Rxe4 24. Rxd2 Ba4 25. Nxe4 d5 26. Rxd5 Be7 27.
Rd7 Bxd7 28. Be5+ Kg8 29. h5 gxh5 30. Kf3 h6 31. g4 Rh7 32. gxh5 Rf7+ 33. Bf4
Bg5 34. Nxg5 hxg5 35. h6 Rxf4+ 36. Kg2 Bc6+ 0-1

[Event "Tournoi Skype 029B"]
[Site "Skype"]
[Date "????.??.??"]
[Round "4.75"]
[White "Mendoza Oporta, Esmerling Antonio"]
[Black "Buyukurvay, Yagmur"]
[Result "1-0"]
[WhiteElo "1000"]
[BlackElo "1000"]
[PlyCount "53"]

1. e4 e5 2. Nf3 Nc6 3. d3 f5 4. Nxe5 Nf6 5. Nxc6 bxc6 6. exf5 Bb4+ 7. c3 Be7 8.
Qf3 O-O 9. d4 Bb4 10. cxb4 Nd5 11. Bd2 Rb8 12. Nc3 Nf4 13. Qxf4 Qe8+ 14. Ne4 c5
15. dxc5 Rb5 16. Bxb5 Bb7 17. O-O Qxe4 18. Qxe4 Bxe4 19. Bxd7 Rd8 20. Be6+ Kh8
21. Bc3 Re8 22. Rfe1 Bd3 23. Rad1 Bxf5 24. Bxf5 Rf8 25. Rd7 c6 26. Re8 Rg8 27.
Bxg7# 1-0

[Event "Tournoi Skype 029B"]
[Site "Skype"]
[Date "????.??.??"]
[Round "4.77"]
[White "Fuentes, Francisco"]
[Black "Talarico, Izabel"]
[Result "1-0"]
[WhiteElo "1000"]
[BlackElo "1000"]
[PlyCount "69"]

1. e4 e5 2. Nf3 Nc6 3. Bc4 Nf6 4. Nc3 g6 5. O-O Bg7 6. d4 exd4 7. Bg5 h6 8. Bf4
b6 9. Nb5 Na5 10. Bd3 Nc6 11. Nbxd4 Nxd4 12. Nxd4 Nh5 13. Be5 Bxe5 14. Nf3 Nf4
15. Nxe5 Nxd3 16. cxd3 d6 17. Nc4 d5 18. Ne5 O-O 19. a4 a5 20. Qb3 Qd6 21. d4
f6 22. Nf3 Ba6 23. Qxd5+ Rf7 24. Qxa8+ Rf8 25. Qd5+ Rf7 26. Qa8+ Rf8 27. Qxa6
f5 28. Qc4+ Kg7 29. e5 Qd7 30. d5 c6 31. e6 Kf6 32. exd7 Rd8 33. dxc6 Ke7 34.
Rfe1+ Kf6 35. Re5 1-0